Pracovná zmluva, vymenovanie a voľba

Založenie a vznik pracovného pomeru. Odstúpenie od pracovnej zmluvy. Forma, obsah a náležitosti pracovnej zmluvy. Skúšobná doba. Vymenovanie a voľba ako inštitúty Zákonníka práce. Uvoľnenie na výkon funkcie a garancia návratu po skončení výkonu verejnej funkcie. Odvolanie alebo vzdanie sa funkcie.

Enregistré dans:
Détails bibliographiques
Auteur principal: Thurzová, Marta
Format: Chapitre de livre
Langue:slovaque
Sujets:
Tags: Ajouter un tag
Pas de tags, Soyez le premier à ajouter un tag!

MARC

LEADER 00000naa a2200000 4500
001 0194453
005 20231109104831.9
041 0 |a slo 
044 |a SK 
245 1 0 |a Pracovná zmluva, vymenovanie a voľba  |c Marta Thurzová 
520 |a Založenie a vznik pracovného pomeru. Odstúpenie od pracovnej zmluvy. Forma, obsah a náležitosti pracovnej zmluvy. Skúšobná doba. Vymenovanie a voľba ako inštitúty Zákonníka práce. Uvoľnenie na výkon funkcie a garancia návratu po skončení výkonu verejnej funkcie. Odvolanie alebo vzdanie sa funkcie. 
610 2 0 |a zákonník práce 
610 2 0 |a zmluvy pracovné 
610 2 0 |a práca 
610 2 0 |a zamestnanci 
610 2 0 |a vzťahy pracovnoprávne 
610 2 0 |a doba skúšobná 
100 1 |a Thurzová, Marta